00448nam a2200169Ia 4500001001000000003000500010008004100015010001100056040000900067082001700076100001500093245005500108260002900163300001100192440003500203650004000238Para_2921CHAP220125s1949 xx 000 0 und d a201443 cCHAP aPA 595.7 C48 aChu, H. F. aHow to know the inmature insects /c by H. F. Chu aDubuque, Iowa :b Brown a234 p. aThe pictured key nature series aEntomología The inmature insects